Catàleg del Col·legi de Periodistes de Catalunya

La desinformación (Registre núm. 1981)

000 -CABECERA
Longitud fija campo de control 00736nam a2200229 a 4500
001 - NÚMERO DE CONTROL
Número de control 1981
003 - IDENTIFICADOR DEL NÚMERO DE CONTROL
Identificador del número de control CDMR
005 - FECHA Y HORA DE LA ÚLTIMA TRANSACCIÓN
Fecha y hora de la última transacción 20131203162716.0
008 - CÓDIGOS DE INFORMACIÓN DE LONGITUD FIJA
Códigos de información de longitud fija 130130s1988||||||||||||||||||||||||||||d
020 ## - NÚMERO INTERNACIONAL NORMALIZADO PARA LIBROS
Número Internacional Normalizado para Libros (ISBN) 8423924408
040 ## - FUENTE DE LA CATALOGACIÓN
Centro catalogador de origen CDMR
Lengua de catalogación cat
Centro transcriptor CDMR
100 1# - PUNTO DE ACCESO PRINCIPAL-NOMBRE DE PERSONA
Nombre de persona Jacquard, Roland
9 (RLIN) 1479
245 13 - MENCIÓN DE TÍTULO
Título La desinformación
Resto del título : una manipulación del poder
Mención de responsabilidad, etc. Roland Jacquard ; traducción [..] María Fraguas
260 ## - PUBLICACIÓN, DISTRIBUCIÓN, ETC. (PIE DE IMPRENTA)
Lugar de publicación, distribución, etc. Madrid
Fecha de publicación, distribución, etc. 1988
Nombre del editor, distribuidor, etc. Espasa Calpe
300 ## - DESCRIPCIÓN FÍSICA
Extensión 295 p.
490 0# - MENCIÓN DE SERIE
Mención de serie Espasa Mañana.
-- Ensayo, estudio, documento
650 04 - PUNTO DE ACCESO ADICIONAL DE MATERIA - TÉRMINO DE MATERIA
9 (RLIN) 4286
Término de materia o nombre geográfico como elemento inicial Desinformació
650 04 - PUNTO DE ACCESO ADICIONAL DE MATERIA - TÉRMINO DE MATERIA
9 (RLIN) 3243
Término de materia o nombre geográfico como elemento inicial Mitjans de comunicació de massa
Subdivisión de materia general Manipulació
650 04 - PUNTO DE ACCESO ADICIONAL DE MATERIA - TÉRMINO DE MATERIA
9 (RLIN) 4434
Término de materia o nombre geográfico como elemento inicial Poder (Ciències socials)
700 1# - PUNTO DE ACCESO ADICIONAL - NOMBRE DE PERSONA
9 (RLIN) 3860
Nombre de persona Fraguas de Pablo, María
942 ## - ENTRADA DE ELEMENTOS AGREGADOS (KOHA)
Koha [por defecto] tipo de item Monografies
Fuente de clasificaión o esquema
Fons
Suprimido Perdido Estropeado No para préstamo Localización permanente Localización actual Fecha adquisición Signatura completa Código de barras Fecha última consulta Fecha del precio de reemplazo Tipo de item de Koha
        Centre de Documentació Montserrat Roig Centre de Documentació Montserrat Roig 2013-01-16 Ck 3/2 CDMR13119849 2013-01-16 2013-01-16 Monografies

Implantat amb Koha